Entrepreneurship, growth, and public policy (Record no. 257411)

MARC details
000 -LEADER
fixed length control field 01034nam a2200277Ia 4500
008 - FIXED-LENGTH DATA ELEMENTS--GENERAL INFORMATION
fixed length control field 191130s2009##################000#0#eng##
020 ## - INTERNATIONAL STANDARD BOOK NUMBER
ISBN 9780521894920
082 ## - DEWEY DECIMAL CLASSIFICATION NUMBER
Classification number 338.04 ACS
245 ## - TITLE STATEMENT
Title Entrepreneurship, growth, and public policy
Statement of responsibility, etc edited by Zoltan J. Acs, David B. Audretsch, Robert J. Strom
260 ## - PUBLICATION, DISTRIBUTION, ETC. (IMPRINT)
Place of publication Cambridge
Name of publisher Cambridge University Press
Year of publication 2009
300 ## - PHYSICAL DESCRIPTION
Number of Pages ix, 353 p. : ill. ; 24 cm
500 ## - GENERAL NOTE
General note Includes bibliographical reference and index
650 ## - SUBJECT ADDED ENTRY--TOPICAL TERM
Topical Term Economic development - Congresses
Topical Term Entrepreneurship - Congresses
Topical Term Industrial policy - Congresses
Topical Term Technological innovations - Economic aspects - Congresses
700 ## - ADDED ENTRY--PERSONAL NAME
Personal name Ács, Zoltán J
Personal name Audretsch, David B
Personal name Strom, Robert J
710 ## - ADDED ENTRY--CORPORATE NAME
Corporate name or jurisdiction name as entry element Kauffman-Max Planck Summit on Enterpreneurship Research and Policy (1st : 2006 : Munich, Germany)
991 ## -
-- 152574
Holdings
Withdrawn status Lost status Damaged status Not for loan Home library Current library Shelving location Date acquired Full call number Accession Number Price effective from Koha item type
        Anna Centenary Library Anna Centenary Library 4TH FLOOR, A WING 13.10.2020 338.04 ACS 99878 13.10.2020 English Books

Find us on the map